| 000 | 00613nam a2200229Ia 4500 | ||
|---|---|---|---|
| 003 | OSt | ||
| 005 | 20250722192641.0 | ||
| 008 | 210423s2007 xx 000 0 und d | ||
| 020 | _a9812613153 | ||
| 040 | _cAL | ||
| 041 | _aEnglish | ||
| 082 |
_a070.92 _bPLAC |
||
| 100 |
_aTom Plate _979545 |
||
| 245 | _aConfessions of an American media man | ||
| 260 |
_aNew Delhi _bMarshall Cavendish _c2007 |
||
| 300 |
_a352p. _bPB _c22x15cm. |
||
| 365 |
_b780 _cINR |
||
| 650 |
_aJournalism _979546 |
||
| 650 |
_aJournalism & Media _979547 |
||
| 906 | _aAmerican ; an ; Confessions ; man. ; media | ||
| 942 |
_2ddc _cBK |
||
| 999 |
_c156371 _d156371 |
||